200 Most Popular Baby Girl Names Starting with M (2022) - Statistics

General Stats
  • This quiz has been taken 16,284 times
    6,743 since last reset
  • The average score is 102 of 200
Answer Stats
Name % Correct
Mari
98%
Mary
98%
Mae
95%
May
95%
Maria
93%
Mollie
93%
Molly
93%
Maddie
91%
Mattie
91%
Mila
90%
Milah
90%
Mia
89%
Miah
89%
Meera
83%
Millie
83%
Milly
83%
Mira
83%
Mirha
83%
Myra
83%
Maddison
82%
Madison
82%
Madisson
82%
Madisyn
82%
Madyson
82%
Margaret
81%
Madalyn
80%
Madalynn
80%
Madeleine
80%
Madeline
80%
Madelyn
80%
Madelynn
80%
Madilyn
80%
Madilynn
80%
Maia
80%
Maya
80%
Melissa
80%
Miya
80%
Mya
80%
Myah
80%
Marian
78%
Marianne
78%
Marie
78%
Marion
78%
Maryann
78%
Melanie
77%
Melany
77%
Maelani
76%
Malani
76%
Meilani
76%
Melani
76%
Milani
76%
Maggie
74%
Mina
72%
Minha
72%
Makayla
71%
Mckayla
71%
Micaela
71%
Michaela
71%
Mikaela
71%
Mikayla
71%
Mara
69%
Maura
69%
Mayra
69%
Michelle
69%
Martha
68%
Megan
67%
Meghan
67%
Mackenzie
66%
Makenzie
66%
Maren
66%
Marin
66%
Mckenzie
66%
Mona
64%
Mabel
63%
Macey
63%
Mazie
63%
Maci
62%
Macie
62%
Macy
62%
Mariana
62%
Marianna
62%
Maisie
59%
Maisy
59%
Maizie
59%
Maizy
59%
Marina
59%
Monica
59%
Melody
58%
Morgan
58%
Maeve
57%
Maleah
57%
Malia
57%
Maliah
57%
Maliyah
57%
Marlee
56%
Marleigh
56%
Marley
56%
Marli
56%
Marlie
56%
Misha
55%
Margaux
54%
Margo
54%
Margot
54%
Marissa
54%
Matilda
54%
Micah
54%
Mika
54%
Malina
51%
Melina
51%
Mileena
51%
Milena
51%
Maxine
50%
Miranda
50%
Miriam
50%
Marilyn
49%
Makena
47%
Makenna
47%
Mariah
47%
Mariyah
47%
Marjorie
47%
Mckenna
47%
Melania
47%
Milania
47%
Moriah
47%
Meredith
46%
Milan
46%
Millicent
45%
Mallory
44%
Martina
43%
Miley
42%
Mavis
40%
Marlene
37%
Mildred
36%
Moira
36%
Maisyn
34%
Mariam
33%
Maryam
33%
Mckinley
32%
Myla
32%
Mylah
32%
Magnolia
30%
Margarita
30%
Magdalene
29%
Marlo
29%
Marlow
29%
Marlowe
29%
Marcela
28%
Marcella
28%
Mercy
28%
Miracle
28%
Magdalena
27%
Maple
27%
Milana
27%
Malaysia
26%
Mariel
26%
Marigold
25%
Meadow
25%
Monroe
25%
Marisol
24%
Mariela
23%
Mariella
23%
Maelee
22%
Maven
22%
Maylee
22%
Mercedes
22%
Maelyn
21%
Maelynn
21%
Maylin
21%
Mirabel
21%
Mirabelle
21%
Montana
21%
Maribel
19%
Miller
18%
Memphis
17%
Maeva
16%
Maverick
16%
Majesty
15%
Marceline
15%
Mary-Jane
15%
Murphy
15%
Monserrat
14%
Montserrat
14%
Mahogany
13%
Malaya
12%
Malayah
12%
Maddox
10%
Mireya
10%
Madden
8%
Maritza
8%
Malka
7%
Mazikeen
7%
Milagros
7%
Maite
6%
Merritt
6%
Malak
5%
Marbella
5%
Marwa
5%
Malky
4%
Maria Jose
3%
Melek
2%
No matching quizzes found
Score Distribution
Percent of People with Each Score
Percentile by Number Answered
Your Score History
You have not taken this quiz since the last reset